00488nam a22001457a 450000500170000002000250001703700130004208200060005524501260006126000210018727000630020830000340027194200200030599900170032520120116153854.0 a9788189020347c80.00 aDPLbPUB aS aOnce upon a moontime:c prestnted by Mamang dai; art by nimret handabfrom the magical story world of arunachal pradesh / aNew DelhibKatha aA3 Sarvodaya Enclave, Sri Aurbindo MargbNew Delhie110017 aunpaged.bcol.illc12cm (pbk) 2ddccCHhSmONC c60991d60991